ბათუმის შოთა რუსთაველის სახელმწიფო უნივერსიტეტის ბიბლიოთეკა

დივერსიული ეთნოფაბრიკაციების ახალი ტალღა ჩრდილო-დასავლეთ საქართველოში / (ბიბ.ჩანაწერი № 40873)

000 -ლიდერი
ფიქსირებული სიგრძის საკონტროლო ველი 01417nam a2200265Ia 4500
001 - საკონტროლო ნომერი
საკონტროლო ველი 7517
003 - საკონტროლო ნომრის იდენტიფიკატორი
საკონტროლო ველი GE_BSU
005 - ბოლო ოპერაციის თარიღი და დრო
საკონტროლო ველი 20200109125826.0
008 - ფიქსირებული სიგრძის მონაცემთა ელემენტები - ზოგადი ინფორმაცია
ფიქსირებული სიგრძის საკონტროლო ველი 181216s2011||||ge |||||||||||||| ||geo||
020 ## - წიგნის საერთაშორისო სტანდარტული ნომერი
International Standard Book Number 9789941033643
040 ## - კატალოგიზაციის წყარო
Transcribing agency GE_BSU
041 ## - ენის კოდი
Language code of text/sound track or separate title geo
080 ## - უნივერსალური ათობითი კლასიფიკაციის ინდექსი
Universal Decimal Classification number 323.173(479.224)+323(479.22)+94(479.224) ს-37
100 ## - მთავარი ჩანაწერი - პიროვნების სახელი
Personal name საჯაია, სერგი (გიორგი)
9 (RLIN) 6037
245 ## - ცნობა სათაურის შესახებ
Title დივერსიული ეთნოფაბრიკაციების ახალი ტალღა ჩრდილო-დასავლეთ საქართველოში /
Statement of responsibility, etc სერგი (გიორგი) საჯაია ; [რედ. თემურ ქორიძე].
264 ## - წარმოების, გამოცემის, დისტრიბუციის და სხვა ცნობები
გამოცემის, წარმოების, დისტრიბუციის... ადგილი თბილისი,
გამოცემის, წარმოების, დისტრიბუციის... თარიღი 2011.
300 ## - ფიზიკური აღწერა
Extent 497 გვ. ;
Other physical details 30 სმ.
501 ## - შენიშვნა თანმხლებ მასალაზე
With note დანართები: გვ. 416-496.
653 ## - INDEX TERM--UNCONTROLLED
Uncontrolled term ქართულ-აფხაზური კონფლიქტი
653 ## - INDEX TERM--UNCONTROLLED
Uncontrolled term საქართველო-რუსეთის ურთიერთობების ისტორია
700 ## - ADDED ENTRY--PERSONAL NAME
Personal name ქორიძე, თემურ
Relator term რედაქტორი
9 (RLIN) 6049
710 ## - ADDED ENTRY--CORPORATE NAME
Corporate name or jurisdiction name as entry element აფხაზეთმცოდნეობის ცენტრი
9 (RLIN) 6044
856 ## - ELECTRONIC LOCATION AND ACCESS
Uniform Resource Identifier http://dspace.nplg.gov.ge/bitstream/1234/11404/1/Diversiuli_Etnofabrikaciebi.pdf
Link text ელ. ვერსია, pdf
942 ## - ADDED ENTRY ELEMENTS (KOHA)
Koha item type წიგნი
Source of classification or shelving scheme
ეგზემპლარები
ჩამოწერის სტატუსი დაკარგული ეგზემპლარის სტატუსი კლასიფიკაციის წყარო ან თაროზე გაწყობის სქემა დაზიანების სტატუსი არ გაიცემა მუდმივი მდებარეობა (დაცვის ადგილი) ამჟამინდელი ადგილსამყოფელი თაროზე განთავსების ადგილი შეძენის თარიღი სრული შენახვის შიფრი შტრიხკოდი ბოლო ოპერაციის თარიღი ეგზემპლარის მიმდევრობითი ნომერი (კეტერი?) ფასის ძალაში შესვლის თარიღი ეგზემპლარის სახეობა
          ბათუმის შოთა რუსთაველის სახელმწიფო უნივერსიტეტის მთავარი ბიბლიოთეკა ბათუმის შოთა რუსთაველის სახელმწიფო უნივერსიტეტის მთავარი ბიბლიოთეკა წიგნსაცავი 2018-12-17 323.173(479.224)+323(479.22)+94(479.224) ს-37 7301 2018-12-17 7301 2018-12-17 წიგნი